Management of agricultural and non-agricultural cooperatives Agriculture, Cooperative – Management.
Guardat en:
| Autor principal: | |
|---|---|
| Format: | Llibre |
| Idioma: | anglès |
| Publicat: |
Discovery Publishing House
2012.
|
| Etiquetes: |
Afegir etiqueta
Sense etiquetes, Sigues el primer a etiquetar aquest registre!
|
MARC
| LEADER | 00000nam a22000007a 4500 | ||
|---|---|---|---|
| 008 | 210525b ||||| |||| 00| 0 eng d | ||
| 020 | |a ISBN: 978-93- 5056-056-3 | ||
| 100 | |a NAKKIRAN, S. | ||
| 245 | |a Management of agricultural and non-agricultural cooperatives |b Agriculture, Cooperative – Management. |c / S. Nakkiran [and] M. Karthikeyan |g 229p. | ||
| 260 | |b Discovery Publishing House |c 2012. |h New Delhi: |i 683754 |l HD1491 .A3N14 |m Agriculture, Cooperative – Management. |m Agriculture, Cooperative – India – Management |m Karthikeyan, M. |m Title. | ||
| 500 | |a “It includes references and index”. | ||
| 942 | |a ddc |c BK |e j o ifatola |f 25/ 05/ 2021 | ||
| 952 | |0 0 |1 0 |2 lcc |4 0 |6 HD1491 A3 N14 |7 0 |9 2425 |a HOL |b HOL |d 2021-05-25 |l 0 |o HD1491 .A3N14 |p 2021-6276 |r 2021-05-25 00:00:00 |w 2021-05-25 |y BK | ||
| 999 | |c 1263 |d 1263 | ||